| 000 | 00512 am a2200193 a 4500 | ||
|---|---|---|---|
| 001 | 152092 | ||
| 003 | OSt | ||
| 005 | 20211224161331.0 | ||
| 008 | 51214 ### | ||
| 020 | _a9788132104698 | ||
| 082 |
_a330.015195 _bH28P |
||
| 100 | 1 | _aHatekar, Neeraj R. | |
| 245 | 1 |
_aPrinciples of econometric : an introducing (using R) _cby Neeraj R. Hatekar |
|
| 260 |
_aNew Delhi _bSage Publication _c2014 |
||
| 300 | _a438p. | ||
| 653 | _aEconomics | ||
| 653 | _aEconometrics | ||
| 942 |
_2ddc _cBK |
||
| 999 |
_c14929 _d14929 |
||